000 00954nam a2200301 i 4500
001 000044199
003 DO-SdBNP
005 20250213083620.0
007 ta
008 140609s2003 dr 000 0 spa d
020 _a9993432253
040 _aDO-SdBNP
_bspa
_cBNPHU
_erda
041 _aspa
082 4 _aRD863.44
_bH557c
_222
100 1 _aHernández, Ángela,
_d1954-
_eautor
_92564
_4aut.
245 1 0 _aCharamicos /
_cÁngela Hernández.
264 4 _aSanto Domingo, República Dominicana :
_bEditora Cole,
_c©2003.
300 _a350 páginas ;
_c23 cm.
336 _ardacontent
_btexto
_2txt
337 _ardamedia
_bsin mediación
_2n
338 _ardacarrier
_bvolumen
_2nc
500 _aIncluye datos biográficos de la autora en la solapa de la cubierta
590 _aInventariado, 2020 /
650 4 _aNovela dominicana
_9223
650 4 _aLiteratura dominicana
_979941
910 _aValidado. Control de calidad MFF
942 _2ddc
_cLBS1
999 _c43688
_d43688